000 00622nam a22001817a 4500
999 _c178470
_d178470
005 20210331151912.0
010 _aENG-129358
020 _a978-93-5388-420-8
_c595.00
035 _aEN-112890
037 _bDBAD/PUB
082 _a306.766095422
100 _aShahani, Parmesh
245 _aGay Bombay: Globalization, Love and (Be)longing in Contemporary India//
_cParmesh Shahani
260 _aNew Delhi
_bSage Publication India
_c2020
270 _aB1/1-1 Mohan Cooperative Industrial Area Mathura Road
_bNew Delhi
_e110044
300 _axxii+313p.
_c22cm(pbk)
942 _2ddc
_cEN
_h306.766095422
_mSHA